Normal view MARC view

Entry Personal Name

Number of records used in: 2

001 - CONTROL NUMBER

  • control field: 43083

003 - CONTROL NUMBER IDENTIFIER

  • control field: AUA.1

005 - DATE AND TIME OF LATEST TRANSACTION

  • control field: 20140404174558.0

008 - FIXED-LENGTH DATA ELEMENTS

  • fixed length control field: 140404|||a|||||| | ||| d

040 ## - CATALOGING SOURCE

  • Original cataloging agency: AUA.1
  • Transcribing agency: AUA.1

100 ## - HEADING--PERSONAL NAME

  • Personal name: Mashonganyika Kenneth T.

670 ## - SOURCE DATA FOUND

  • Source citation: Work cat.: (AUA.1): Mashonganyika Kenneth T., Promoting servant leadership in Chivhu West district of the Seventh-day Adventist church in Zimbabwe /